000 00564nam a22001937a 4500
003 KOHA_MİRAKIL
005 20251221115812.0
008 251221b tu ||||| |||| 00| 0 tur d
020 _a9786257845861
040 _aTR-AnABB
_btur
_cTR-AnABB
041 _atur
082 _a337.09
_bDAL 2020
100 1 _aDaloğlu, Pınar,
245 1 0 _aŞirket-i hayriye finansal raporlaması /
_cPınar Daloğlu
260 _aİstanbul :
_bİstanbul Arel Üniversitesi,
_c2020
300 _a165 sayfa ;
_c21 cm
650 0 4 _aFinansal raporlama
942 _2ddc
_cBK
999 _c9811
_d9811
900 _bGizem YORULMAZ